Текст томруулах:    
Government policy and productivity growth (Бичлэгийн дугаар. 146093)
000 -УДИРДЛАГА
Удирдлага 00780nam a22002657a 4500
003 - ХЯНАЛТЫН ТОО ТОДОРХОЙЛОГЧ
Код MN-UlNUM
005 - БИЧИЛТ ХИЙСЭН ОГНОО
Тухайн бичилтийг бичсэн засварласан сүүлийн огноо 20260105154009.0
008 - ЕРӨНХИЙ МЭДЭЭЛЭЛ
Ерөнхий мэдээлэл 260105s1993 dcuabi|| |||| 00| 0 eng |
020 ## - ISBN
ISBN 0821326155
040 ## - БИЧЛЭГ ҮҮСГЭГЧ БАЙГУУЛЛАГА
Бичлэг үүсгэгч номын сангийн код МУИС-ийн номын сан
084 ## - ББК АНГИЛАЛ
Нэмэлт тусгалт Бусад
ББК ангилал 65.29
Зохиогчийн гурван тэмдэгт V 69
Мэдлэгийн ялгаа 65 - Эдийн засаг
100 1# - ЗОХИОГЧ
Зохиогчийн нэр Thomas, Vinod,
Зохиогчийн огноо 1949-
245 10 - ҮНДСЭН ГАРЧИГ
Номын нэр Government policy and productivity growth
Бага гарчгийн мэдээ is East Asia an exception?
Оролцогчдын тухай мэдээ Vinod Thomas, Yan Wang.
260 ## - ГАРАЛТЫН МЭДЭЭ
Хэвлэгдсэн газар Washington, D.C. :
Хэвлэлийн газар World Bank,
Хэвлэгдсэн он 1993.
300 ## - МАТЕРИАЛЫН ТОДОРХОЙЛОЛТ
хуудасны тоо x, 26 p. :
Бусад тоон мэдээлэл ill. ;
Хэмжээ 28 cm.
500 ## - Тайлбар
Дансны дугаар БС 4834
546 ## - ХЭЛНИЙ ТУХАЙ МЭДЭЭ
Хэл Англи хэл дээр,
653 ## - Түлхүүр үг
Түлхүүр үг east Asia
653 ## - Түлхүүр үг
Түлхүүр үг economic policy
653 ## - Түлхүүр үг
Түлхүүр үг economic conditions
700 1# - ХАМ ЗОХИОГЧИД
Ба бус Wang, Yan,
Dates associated with a name 1953-
942 ## - ЭЛЕМЕНТИЙН ТӨРӨЛ
Зүйлийн төрөл Ном